000 00249nam a2200097Ia 4500
001 801186
005 20250826171033.0
008 250824s9999 xx 000 0 und d
245 0 _aSELÇUKLU TARİHİ
_cZEHRA AYGÜL
260 _bUĞUR BÖCEĞİ YAYINLARI
999 _c801186
_d801186